Los organismo xilófagos y su tratamiento / (Record no. 146119)

MARC details
000 -LEADER
campo de control de longitud fija 00698nam a2200205 i 4500
001 - NÚMERO DE CONTROL
campo de control 146119
003 - IDENTIFICADOR DE NÚMERO DE CONTROL
campo de control ES-MaACL
005 - FECHA Y HORA DE LA ÚLTIMA TRANSACCIÓN
campo de control 20230906201424.0
007 - CAMPO FIJO DE DESCRIPCIÓN FÍSICA--INFORMACIÓN GENERAL
campo de control de longitud fija t|
008 - DATOS DE LONGITUD FIJA--INFORMACIÓN GENERAL
campo de control de longitud fija 070903s1968 sp ||||1| spa d
080 ## - NÚMERO DE LA CLASIFICACIÓN DECIMAL UNIVERSAL
Número de la Clasificación Decimal Universal 632.732.2
100 1# - ENTRADA PRINCIPAL--NOMBRE DE PERSONA
Nombre de persona Torres Juan, J.
9 (RLIN) 110973
245 14 - MENCIÓN DEL TÍTULO
Título Los organismo xilófagos y su tratamiento /
Mención de responsabilidad, etc. por J. Juan Torres.
260 ## - PUBLICACIÓN, DISTRIBUCIÓN, ETC.
Lugar de publicación, distribución, etc. Madrid :
Nombre del editor, distribuidor, etc. Dirección General de Montes, Caza y Pesca Fluvial,
Fecha de publicación, distribución, etc. 1968.
300 ## - DESCRIPCIÓN FÍSICA
Extensión 53 p. :
Otras características físicas il. ;
Dimensiones 25 cm.
650 14 - PUNTO DE ACCESO ADICIONAL DE MATERIA--TÉRMINO DE MATERIA
Término de materia o nombre geográfico como elemento de entrada Xilófogos.
9 (RLIN) 17856
710 2# - ENTRADA AGREGADA--NOMBRE DE ENTIDAD CORPORATIVA
Nombre de entidad corporativa o nombre de jurisdicción como elemento de entrada España.
Unidad subordinada Servicio de Plagas Forestales.
9 (RLIN) 3976
710 1# - ENTRADA AGREGADA--NOMBRE DE ENTIDAD CORPORATIVA
Nombre de entidad corporativa o nombre de jurisdicción como elemento de entrada España.
Unidad subordinada Dirección General de Montes, Caza y Pesca Fluvial.
9 (RLIN) 3758
852 ## - LOCALIZACIÓN
Ubicación ES-MaACL
Número de control de estantería C-45546
Sublocalización o colección R.67289
Holdings
Estatus retirado Estado de pérdida Estado de daño No para préstamo Biblioteca de origen Biblioteca actual Ubicación en estantería Fecha de adquisición Fuente de adquisición Total de préstamos Signatura topográfica completa Código de barras Visto por última vez Precio de reemplazo Tipo de ítem Koha
        Biblioteca del Ateneo de Madrid Biblioteca del Ateneo de Madrid Depósito 2 17/01/2008     C-45546 1152513 23/02/2023 23/02/2023 Libro impreso